All Pokémon with Defiant - Statistics

General Stats
  • This quiz has been taken 8 times
  • The average score is 10 of 16
Answer Stats
(Avail)ability Pokémon % Correct
Hidden Ability Annihilape
100%
Only Ability Galarian Zapdos
100%
First Ability Kingambit
100%
Hidden Ability Mankey
100%
Hidden Ability Primeape
100%
First Ability Bisharp
80%
First Ability Pawniard
80%
Hidden Ability Braviary
60%
Hidden Ability Passimian
60%
Hidden Ability Falinks
40%
Hidden Ability Farfetch'd
40%
Only Ability Ogerpon (Teal Mask)
40%
Hidden Ability Obstagoon
20%
Hidden Ability Purugly
20%
Hidden Ability Thundurus (Incarnate Forme)
20%
Hidden Ability Tornadus (Incarnate Forme)
20%
No matching quizzes found
Score Distribution
Percent of People with Each Score
Percentile by Number Answered
Your Score History
You have not taken this quiz